Crónicas de mistmantle/ Urchin la piedra de corazón (libro II) (Registro nro. 9560)

Detalles MARC
000 -CABECERA
Longitud fija campo de control 01139nam a2200301 a 4500
003 - • IDENTIFICADOR DELl NÚMERO DE CONTROL
Identificador del número de control CO-ViMGA
005 - • FECHA Y HORA DE LA ÚLTIMA TRANSACCIÓN
Fecha y hora de la última transacción 20260216144542.0
008 - • CÓDIGOS DE INFORMACIÓN DE LONGITUD FIJA
Códigos de información de longitud fija 090207s2008 ck a jr 0001f spa d
020 ## - • NÚMERO INTERNACIONAL NORMALIZADO PARA LIBROS
Número Internacional Normalizado para Libros (ISBN) 9789588293295
040 ## - FUENTE DE LA CATALOGACIÓN
Centro catalogador de origen CO-ViMGA
Lengua de catalogación spa
Centro transcriptor CO-ViMGA
041 1# - • CÓDIGO DE LENGUA
Código de lengua original eng
100 10 - • PUNTO DE ACCESO PRINCIPAL-NOMBRE DE PERSONA
Nombre de persona McAllister, M. I.
Fechas asociadas al nombre 1956-
245 10 - • TITULO PROPIAMENTE DICHO
Título Crónicas de mistmantle/ Urchin la piedra de corazón (libro II)
Resto del título
Mención de responsabilidad, etc. M. I. McAllister ; traduccion del ingel Helena Salazar ; ilustraciones Ivǹ Chacn̤.
250 ## - • MENCIÓN DE EDICIÓN
Mención de edición 1a. edicin̤
300 ## - • DESCRIPCIÓN FÍSICA
Extensión 284 pg̀inas
Otras características físicas ilustraciones
Dimensiones 24 cm.
490 ## - • MENCIÓN DE SERIE
Mención de serie Crn̤icas de Mistmantle ; 2
490 ## - • MENCIÓN DE SERIE
Mención de serie Villegas fantasia
534 ## - • Nota De Versión Original
Título The Mistmantle Chronicles, book two, Urchin and the heartstone.
650 14 - • PUNTO DE ACCESO ADICIONAL DE MATERIA - TÉRMINO DE MATERIA
Término de materia o nombre geográfico como elemento inicial Ardillas en la literatura
Fuente del encabezamiento o término LEMB
650 14 - • PUNTO DE ACCESO ADICIONAL DE MATERIA - TÉRMINO DE MATERIA
Término de materia o nombre geográfico como elemento inicial Historias de aventuras
Fuente del encabezamiento o término LEMB
650 14 - • PUNTO DE ACCESO ADICIONAL DE MATERIA - TÉRMINO DE MATERIA
Término de materia o nombre geográfico como elemento inicial Islas en la literatura
Fuente del encabezamiento o término LEMB
650 14 - • PUNTO DE ACCESO ADICIONAL DE MATERIA - TÉRMINO DE MATERIA
Término de materia o nombre geográfico como elemento inicial Literatura juvenil estadounidense
Subdivisión cronológica Siglo XX
Fuente del encabezamiento o término LEMB
650 14 - • PUNTO DE ACCESO ADICIONAL DE MATERIA - TÉRMINO DE MATERIA
Término de materia o nombre geográfico como elemento inicial Novela juvenil estadounidense
Fuente del encabezamiento o término LEMB
Subdivisión cronológica Siglo XX
700 10 - • PUNTO DE ACCESO ADICIONAL - NOMBRE DE PERSONA
Nombre de persona Chacon, Ivan
Término indicativo de función ilustrador
700 10 - • PUNTO DE ACCESO ADICIONAL - NOMBRE DE PERSONA
Nombre de persona Salazar, Helena
Término indicativo de función traductor
942 ## - ENTRADA DE ELEMENTOS AGREGADOS (KOHA)
Fuente de clasificaión o esquema Dewey Decimal Classification
Koha [por defecto] tipo de item LIbro
Existencias
Perdido Fuente de clasificación o esquema Estado Físico No para préstamo Forma de adquisición Localización permanente Localización actual Localización en estanterías Fecha adquisición Préstamos totales Signatura completa Código de barras Fecha última consulta Número de copia Fecha del precio de reemplazo Tipo de item de Koha Fecha último préstamo
  Dewey Decimal Classification     Colección General Biblioteca Pública Cubarral Biblioteca Pública Cubarral Literatura 07/31/2023   N MCAU1 CUB01384 07/31/2023 Ej.1 07/31/2023 LIbro  
  Dewey Decimal Classification     Colección General Biblioteca Pública Dorado Biblioteca Pública Dorado Literatura 06/27/2023   N MCAU1 DOR03024 06/27/2023 Ej.1 06/27/2023 LIbro  
  Dewey Decimal Classification     Colección General Biblioteca Pública Fuentedeoro - Henry Llanos García Biblioteca Pública Fuentedeoro - Henry Llanos García Literatura 08/03/2023   N MCAU1 Fo01845 08/03/2023 Ej.1 08/03/2023 LIbro  
  Dewey Decimal Classification       Biblioteca Pública Puerto Lleras Biblioteca Pública Puerto Lleras Literatura 01/13/2025   N MCAU1 PLL00565 01/13/2025 Ej.1 01/13/2025 Libro Literatura  
  Dewey Decimal Classification     Colección General Biblioteca Pública Barranca de Upia - María Dolores Herrera Biblioteca Pública Barranca de Upia - María Dolores Herrera Literatura 09/13/2023   N MCAU1 BUP00257 09/13/2023 Ej.1 09/13/2023 LIbro  
  Dewey Decimal Classification     Sala General Segundo Piso Biblioteca Pública Germán Arciniegas - Villavicencio Biblioteca Pública Germán Arciniegas - Villavicencio   05/27/2016 1 N MCAU1 30087 10/13/2022 Ej. 1 05/27/2016 LIbro 10/25/2016
  Dewey Decimal Classification     Colección General Biblioteca Pública Guamal Biblioteca Pública Guamal Literatura 05/18/2023   N MCAU1 GUA003567 05/18/2023 Ej.1 05/18/2023 Libro Literatura  
  Clasificación Local Facetada     Literatura General Biblioteca Pública San Juanito - Ernesto Maria Peña Romero Biblioteca Pública San Juanito - Ernesto Maria Peña Romero Literatura 02/16/2026   N MACU1 SJU02533 02/16/2026 Ej.1 02/16/2026 Libro Literatura  
  Dewey Decimal Classification     Colección General Biblioteca Pública Uribe - Reinerio Arenas Biblioteca Pública Uribe - Reinerio Arenas Literatura 10/09/2024   N MCAU1 URI01725 10/09/2024 Ej.1 10/09/2024 Libro Literatura  









Instituto Departamental de Cultura del Meta - Red Departamental de Bibliotecas Públicas del Meta.